Implementácia VBM ako predpoklad zvyšovania hodnoty podniku
Pojem a strategické prvky hodnotovo orientovaného manažmentu (VBM) do riadenia jednotlivých procesov. Vzťah medzi hodnotovo orientovaným manažmentom a technikami ohodnocovania. Nositele hodnoty.
Gespeichert in:
| 1. Verfasser: | |
|---|---|
| Weitere Verfasser: | , |
| Format: | Buchkapitel |
| Sprache: | Slowakisch |
| Schlagworte: | |
| Tags: |
Keine Tags, Fügen Sie das erste Tag hinzu!
|
MARC
| LEADER | 00000naa a2200000 4500 | ||
|---|---|---|---|
| 001 | 0238495 | ||
| 005 | 20240502073847.8 | ||
| 041 | 0 | |a slo | |
| 044 | |a SK | ||
| 245 | 1 | 0 | |a Implementácia VBM ako predpoklad zvyšovania hodnoty podniku |c Roman Lacko, František Hurný, Gabriel Herbrik |
| 520 | |a Pojem a strategické prvky hodnotovo orientovaného manažmentu (VBM) do riadenia jednotlivých procesov. Vzťah medzi hodnotovo orientovaným manažmentom a technikami ohodnocovania. Nositele hodnoty. | ||
| 610 | 2 | 0 | |a manažment hodnotový |
| 610 | 2 | 0 | |a hodnota podniku |
| 610 | 2 | 0 | |a ohodnocovanie podniku |
| 610 | 2 | 0 | |a riadenie vrcholové |
| 100 | 1 | |a Lacko, Roman, 1988- | |
| 700 | 1 | |a Hurný, František | |
| 700 | 1 | |a Herbrik, Gabriel | |